हम हशमत-1 / (Record no. 112475)

MARC details
000 -LEADER
fixed length control field 01043nam a22002537a 4500
005 - DATE AND TIME OF LATEST TRANSACTION
control field 20170124102939.0
010 ## - LIBRARY OF CONGRESS CONTROL NUMBER
LC control number A-986923
020 ## - INTERNATIONAL STANDARD BOOK NUMBER
Terms of availability 225.00
International Standard Book Number 8171787622
035 ## - SYSTEM CONTROL NUMBER
System control number A-986923
037 ## - SOURCE OF ACQUISITION
Source of stock number/acquisition Cen Lib/Ret
040 ## - CATALOGING SOURCE
Original cataloging agency DPL
Language of cataloging HN
082 ## - DEWEY DECIMAL CLASSIFICATION NUMBER
Classification number 808.883
Item number सोबती
100 ## - MAIN ENTRY--PERSONAL NAME
Personal name सोबती, कृष्णा
9 (RLIN) 47758
245 ## - TITLE STATEMENT
Title हम हशमत-1 /
Statement of responsibility, etc कृष्णा सोबती
246 ## - VARYING FORM OF TITLE
Title proper/short title Hum hashmat-1 /
Remainder of title by Krishna Sobti
260 ## - PUBLICATION, DISTRIBUTION, ETC. (IMPRINT)
Place of publication, distribution, etc नयी दिल्ली
Name of publisher, distributor, etc राजकमल प्रकशन
Date of publication, distribution, etc 1977
270 ## - ADDRESS
Address 1-बी, नेता ज़ी सुभाष मार्ग, दरिया गंज
City नयी दिल्ली
Postal code 110002
300 ## - PHYSICAL DESCRIPTION
Extent 270पृ.
Dimensions 19सेमी (सजिल्द)
650 ## - SUBJECT ADDED ENTRY--TOPICAL TERM
Topical term or geographic name as entry element हिन्दी साहित्य
9 (RLIN) 47759
650 ## - SUBJECT ADDED ENTRY--TOPICAL TERM
Topical term or geographic name as entry element संस्मरण साहित्य
9 (RLIN) 442
650 ## - SUBJECT ADDED ENTRY--TOPICAL TERM
Topical term or geographic name as entry element Hindi literature
9 (RLIN) 47760
650 ## - SUBJECT ADDED ENTRY--TOPICAL TERM
Topical term or geographic name as entry element Memoir literature
9 (RLIN) 47761
942 ## - ADDED ENTRY ELEMENTS (KOHA)
Source of classification or shelving scheme Dewey Decimal Classification
Koha item type Hindi Books
Classification part 808.883
Call number suffix सोबती
Holdings
Withdrawn status Lost status Damaged status Not for loan Home library Current library Date acquired Source of acquisition Cost, normal purchase price Total Checkouts Full call number Barcode Date last seen Date checked out Copy number Cost, replacement price Price effective from Koha item type
        Central Library Central Library 08/08/2015 Cen Lib/Ret 225.00 4 808.883 सोबती A-986923 19/09/2018 04/09/2018 1 225.00 08/08/2015 Hindi Books

© Delhi Public Library
Hit Counter
free hit counter